Politika tarihine ışık tutacak ibret veesikaları (Record no. 8276)

MARC details
000 -BAŞLIK
Sabit Uzunlukta Kontrol Alanı 00775na a2200253 4500
001 - KONTROL NUMARASI
Denetim Alanı 19116
003 - KONTROL NUMARASI IDENTIFIER
Denetim Alanı MIRAKIL
005 - SON İŞLEM TARİHİ VE ZAMANI
Denetim Alanı 20181213155205.0
008 - SABİT-BOY VERİ ELEMANLARI - GENEL BİLGİLER
Sabit Uzunlukta Kontrol Alanı 161208b tu 000 0
035 ## - SİSTEM KONTROL NUMARASI
Sistem Kontrol Numarası 19116
040 ## - KATALOGLAMA KAYNAK
Orijinal Kataloglama Ajansı Milas
Kataloglama Dili tur
Metne Dönüştürmek Ajansı TR-AnCHP
041 ## - DİL KODU
Metin / Ses Parça Veya Ayrı Başlığın Dil Kodu tur
082 ## - DEWEY ONLU SINIFLANDIRMA NUMARASI
Sınıflandırma Numarası 320.9561
Ürün Numarası B34p 1994
090 ## - SINIFLAMA NUMARASI
Sınıflama Numarası 320.9561 B34p 1994
100 ## - ANA GİRİŞ - KİŞİSEL İSİM
Kişisel Ad Beler, Beliğ
245 ## - BAŞLIK TABLOSU
Başlık Politika tarihine ışık tutacak ibret veesikaları
Sorumluluk Tablosu, Vb Beliğ Beler
260 ## - YAYIN, DAĞITIM, VB
Yayın, Dağıtım, Vb Yeri [y.y.]
Yayıncı, Dağıtıcı, Vs Adı [yayl.y.]
Yayın, Dağıtım, Vb Tarihi 1994
Üretici Firma Karınca Matbaası
300 ## - FİZİKSEL TANIM
Kapsam 109 s.
Diğer Fiziksel Ayrıntıları res.
Boyutlar 20 sm.
500 ## - GENEL NOT
Genel Not Yapıt adı başında: Demokrat Parti'de demokrasi için fazilet mücadelesi
610 ## - KONU KATMA GİRİŞ - TOPLANTI ADI
Giriş Elemanı Olarak Kurumsal Ad Veya Yargı Alanı Adı Demokrat Parti
Genel Alt Bölüm Tarih
650 ## - KONU KATMA GİRİŞ - TOPİKAL DÖNEM
Topikal Süreli Veya Coğrafi Ad Giriş Elemanı Siyasal tarih
Coğrafi Alt Bölümü Türkiye
651 ## - KONU KATMA GİRİŞ - COĞRAFİ ADI
Coğrafi İsim Türkiye
Genel Alt Bölümü Siyaset ve yönetim
942 ## - EKLENDİ GİRİŞ ELEMANLARI (KOHA)
Sınıflandırma Veya Raf Düzeni Kaynak
Koha Öğesi Türü Books
999 ## - SİSTEM KONTROL NUMARALARI (KOHA)
Koha Biblionumber 8276
Koha Biblioitemnumber 8276
Holdings
Kalıcı Konum Mevcut Konum Edinme Tarihi Edinim Kaynak Toplam Check-Out'Lar Tam Çağrı Numarası Barkod Tarih Son Görülme İtibaren Geçerli Fiyatlar Koha Öğesi Türü
CHP Kütüphanesi CHP Kütüphanesi 12/08/2016 Bağış   320.9561 B34p 1994 008961 12/08/2016 12/08/2016 Books